000
00322 a2200133 4500
001
151092
040
_c
Escola São Tomás de Aquino
100
_a
GALDINO, Luiz
240
1
0
_a
Quando vovô virou borboleta
_l
por
245
1
0
_a
Quando vovô virou borboleta
362
0
_a
2003
697
_a
*LITERATURA INFANTO
942
_c
BK
999
_c
151092
_d
151092